| 000 | 00664nam a22001937a 4500 | ||
|---|---|---|---|
| 999 |
_c178408 _d178408 |
||
| 005 | 20210405124759.0 | ||
| 010 | _aB-738725 | ||
| 020 |
_a9789350864494 _c60.00 |
||
| 035 | _aB-738725 | ||
| 037 | _bGift | ||
| 082 | _a954.16 | ||
| 100 | _aSharma, Y.D. | ||
| 245 |
_aDelhi and its neighbourhood / _cby Y. D. Sharma |
||
| 260 |
_aNew Delhi _bArchaeological Survey of India _c2015 |
||
| 270 |
_aDirector General, Archaeological Survey of India, Govt. of India _bNew Delhi |
||
| 300 |
_a164p.: _bill.,maps. _c22cm(pbk) |
||
| 942 |
_2ddc _cEN _mSHA _h954.16 |
||